000
00212 a2200097 4500
001
19898
100
_a
Saher P J
245
_a
Eastern and western thought
260
_a
_b
Allen & Unwin
_c
090
_c
14520
_d
14520
942
_a
NUST-CAE
_c
M
_c
5026
999
_c
254971
_d
254971